[Event "Challenge"]
[Site "http://www.queenalice.com/game.php?id=354635"]
[Date "2008.2.15"]
[Round "-"]
[White "Arildocamargo"]
[Black "Borat__Sagdiyev"]
[Result "0-1"]
[WhiteElo "1601"]
[BlackElo "1626"]

1. d4 d5 2. c4 dxc4 3. e4 Nf6 4. Nc3 e6 5. d5 exd5 6. exd5 Bb4 7. Be2 a6 8. Bg5
c6 9. Nf3 O-O 10. O-O cxd5 11. Qc2 b5 12. Rad1 Bg4 13. h3 Bxh3 14. gxh3 Qc8 15.
Kh2 Nbd7 16. a3 Bd6+ 17. Kg2 Ne5 18. Bxf6 gxf6 19. Rxd5 Bc7 20. Nxe5 Bxe5 0-1

[Event "Challenge"]
[Site "http://www.queenalice.com/game.php?id=356421"]
[Date "2008.2.18"]
[Round "-"]
[White "Arildocamargo"]
[Black "Feynman"]
[Result "1-0"]
[WhiteElo "1553"]
[BlackElo "1699"]

1. d4 d6 2. Bf4 Nf6 3. Nf3 c5 4. dxc5 dxc5 5. Qxd8+ Kxd8 6. Ne5 Be6 7. e3 Nc6 8.
Nxc6+ bxc6 9. Nc3 Bf5 10. Rd1+ Nd7 11. e4 e5 12. Bxe5 Bg6 13. g3 Be7 14. Bxg7
Rg8 15. Bh6 Ke8 16. Bh3 Ne5 17. f4 Nc4 18. Bd7+ Kd8 19. Bxc6+ 1-0

[Event "Challenge"]
[Site "http://www.queenalice.com/game.php?id=356969"]
[Date "2008.2.19"]
[Round "-"]
[White "Borat__Sagdiyev"]
[Black "Arildocamargo"]
[Result "1-0"]
[WhiteElo "1564"]
[BlackElo "1601"]

1. d4 d6 2. e4 g6 3. Nf3 Bg7 4. d5 Bg4 5. Be2 Nd7 6. c4 Ngf6 7. Bd2 Nxe4 8. O-O
Ndc5 9. Nc3 Nxc3 10. Bxc3 Bxc3 11. bxc3 Qd7 12. Ng5 Bxe2 13. Qxe2 Qf5 14. Nf3
O-O-O 15. Nd4 Qd3 16. Qxe7 Qxc3 17. Nb5 Rd7 18. Qe2 Kb8 19. Qg4 1-0

[Event "Challenge"]
[Site "http://www.queenalice.com/game.php?id=356971"]
[Date "2008.2.19"]
[Round "-"]
[White "Arildocamargo"]
[Black "MataMoscas"]
[Result "1-0"]
[WhiteElo "1575"]
[BlackElo "1518"]

1. c4 Nc6 2. g3 e5 3. Bg2 d6 4. Nc3 b6 5. Bxc6+ Bd7 6. Bxa8 Qxa8 7. e4 a5 8. Nd5
Qc6 9. b3 Nf6 10. Qf3 Bg4 11. Nxf6+ gxf6 12. Qxg4 h5 13. Qf5 Rh6 14. d3 Qd7 15.
Qxd7+ Kxd7 16. Bxh6 Bxh6 17. Nf3 Bg7 18. h4 c5 19. O-O-O Bh6+ 20. Kc2 Kc6 21.
Nh2 Bg7 22. g4 hxg4 23. Nxg4 b5 24. Rhg1 Bf8 25. Nxf6 Be7 26. Nd5 Bxh4 27. f4
Bf2 28. Rg7 bxc4 29. dxc4 1-0

[Event "Challenge"]
[Site "http://www.queenalice.com/game.php?id=356990"]
[Date "2008.2.19"]
[Round "-"]
[White "Arildocamargo"]
[Black "prog2"]
[Result "0-1"]
[WhiteElo "1522"]
[BlackElo "1561"]

1. e4 e5 2. d3 Bc5 3. Nf3 d6 4. Nc3 Nf6 5. Bg5 O-O 6. Be2 Nc6 7. Nd5 Bg4 8. Bxf6
gxf6 9. h3 Be6 10. O-O Kh8 11. a3 Rg8 12. b4 Bxh3 13. Nh4 f5 0-1

[Event "Challenge"]
[Site "http://www.queenalice.com/game.php?id=356992"]
[Date "2008.2.19"]
[Round "-"]
[White "Garoa_de_sangue"]
[Black "Arildocamargo"]
[Result "1-0"]
[WhiteElo "1630"]
[BlackElo "1588"]

1. e4 d5 2. Nc3 dxe4 3. Nxe4 Bf5 4. Qf3 Bxe4 5. Qxe4 Nc6 6. Bb5 Nf6 7. Bxc6+ Nd7
8. Bxb7 Rb8 9. Bc6 Rb6 10. Nf3 e6 11. Ne5 Rxc6 12. Qxc6 Bd6 13. Nxd7 Qxd7 14.
Qxd7+ Kxd7 15. d3 Rb8 16. O-O Be5 17. Re1 Kc8 18. Rxe5 Kd7 19. b3 f6 20. Ra5 Rb7
21. Be3 a6 22. Rxa6 Ke7 23. Bc5+ Kd7 24. Re1 e5 25. c3 h6 26. d4 c6 27. dxe5
fxe5 28. Rxe5 g6 29. Re7+ Kc8 30. Rxc6+ 1-0

[Event "AUTO-INT-744"]
[Site "http://www.queenalice.com/game.php?id=368218"]
[Date "2008.3.9"]
[Round "2"]
[White "Arildocamargo"]
[Black "rom"]
[Result "0-1"]
[WhiteElo "1601"]
[BlackElo "1668"]

1. d4 d5 2. Bf4 Nc6 3. Nf3 f6 4. c4 g5 5. Be3 g4 6. Nfd2 Bh6 7. Qb3 Bxe3 8. fxe3
Na5 9. Qb5+ c6 10. Qa4 Nxc4 11. Nxc4 dxc4 12. Nc3 b5 13. Qc2 Qa5 14. g3 e5 15.
O-O-O b4 16. Qa4 Qxa4 17. Nxa4 e4 18. Nc5 f5 19. h3 Nf6 20. Bg2 O-O 21. hxg4
Nxg4 22. Rdf1 Nxe3 23. Rfg1 Rd8 24. Bh3 Rxd4 25. g4 fxg4 26. Rg3 Kh8 27. Bg2
Nxg2 0-1

[Event "AUTO-INT-744"]
[Site "http://www.queenalice.com/game.php?id=368219"]
[Date "2008.3.9"]
[Round "2"]
[White "rom"]
[Black "Arildocamargo"]
[Result "1-0"]
[WhiteElo "1653"]
[BlackElo "1616"]

1. e4 c5 2. Bc4 Nf6 3. e5 Ne4 4. d3 Nxf2 5. Kxf2 Nc6 6. Nf3 e6 7. d4 cxd4 8.
Nxd4 Bc5 9. c3 Nxe5 10. b4 Bb6 11. Nd2 Qc7 12. Qe2 a6 13. a4 O-O 14. a5 Ba7 15.
b5 axb5 16. Bxb5 Qxc3 17. Nb3 Nc6 18. Be3 Nxd4 19. Nxd4 e5 20. Nf5 Bxe3+ 21.
Qxe3 Qb2+ 22. Qe2 Qb4 23. Rhb1 Qf4+ 24. Qf3 Qd2+ 25. Kg1 d5 26. Ne7+ Kh8 27.
Nxd5 Qd4+ 28. Kh1 Bg4 29. Qxg4 1-0

[Event "AUTO-OPEN-818"]
[Site "http://www.queenalice.com/game.php?id=377351"]
[Date "2008.3.26"]
[Round "2"]
[White "fabianno"]
[Black "Arildocamargo"]
[Result "1-0"]
[WhiteElo "2042"]
[BlackElo "1618"]

1. c4 e5 2. Nc3 Bb4 3. d3 Nc6 4. Nf3 f5 5. Bd2 Nf6 6. g3 Qe7 7. Bg2 e4 8. dxe4
fxe4 9. Ng5 Bxc3 10. Bxc3 h6 11. Nh3 Qc5 12. b3 O-O 13. Bxf6 Rxf6 14. Bxe4 d6
15. Qd5+ Qxd5 16. Bxd5+ Kh8 17. Nf4 Nd4 18. Rc1 c6 19. Bg2 Bf5 20. e3 Ne6 21.
Nxe6 Bxe6 22. O-O d5 23. cxd5 1-0

[Event "AUTO-OPEN-818"]
[Site "http://www.queenalice.com/game.php?id=377352"]
[Date "2008.3.26"]
[Round "2"]
[White "Arildocamargo"]
[Black "fabianno"]
[Result "0-1"]
[WhiteElo "1620"]
[BlackElo "2040"]

1. c4 Nf6 2. g3 c6 3. Bg2 g6 4. Nc3 Bg7 5. c5 O-O 6. Nf3 d5 7. d4 Nbd7 8. Bf4
Nh5 9. Bd2 e5 10. dxe5 Nxe5 11. O-O Nd7 12. Qc1 Nxc5 13. Bh6 Ne6 14. e4 Nf6 15.
exd5 Nxd5 16. Rd1 Nxc3 17. bxc3 Qf6 18. Bg5 Qxc3 19. Qxc3 Bxc3 20. Rac1 Nxg5 21.
Nxg5 Bg7 22. Rd6 Bh6 23. f4 Bf5 0-1

[Event "Invitation"]
[Site "http://www.queenalice.com/game.php?id=381728"]
[Date "2008.4.3"]
[Round "-"]
[White "Arildocamargo"]
[Black "rames"]
[Result "0-1"]
[WhiteElo "1589"]
[BlackElo "1500"]

1. e4 e6 2. d3 d5 3. exd5 exd5 4. Nf3 Nf6 5. Qe2+ Be7 6. Bg5 O-O 7. Nbd2 Re8 8.
O-O-O c5 9. Nb3 Nc6 10. Qd2 Qb6 11. g3 a5 12. Bg2 a4 13. Na1 Bg4 14. h3 Be6 15.
Rhe1 c4 16. d4 c3 17. Qxc3 Bb4 18. Qd3 a3 19. b3 Bxe1 20. Nxe1 Nb4 21. Qf3 Ne4
22. h4 Nxa2+ 0-1